| 000 | 00438nam a2200157 4500 | ||
|---|---|---|---|
| 001 | 109637 | ||
| 003 | ES-MaACL | ||
| 005 | 20230906184900.0 | ||
| 007 | t| | ||
| 008 | 061121m19131918fr r ||||1| fre d | ||
| 100 | 1 |
_aOllivier, H. _986941 |
|
| 245 | 1 | 0 |
_aCours de physique generale / _cH. Ollivier. |
| 260 |
_aParís : _b[s.n.], _c1913-1918 ( _fLaval. Imp. L. Barneoud et Cª) |
||
| 300 |
_a3 v. ; _c25 cm. |
||
| 852 |
_aES-MaACL _jF-41-43 |
||
| 999 |
_c109637 _d109637 |
||